00386nam a2200157Ia 4500008004000000041000800040082001200048100001600060245004100076260005400117650001000171650001100181650001200192650001600204650000800220210210b1913 xxu||||| |||| 00| 0 eng d aeng a825/232 aCRUSE (Amy) aElizabethan lyrists and their poetry aLondonbGeorge G Harrap and Company Limitedc1913 atheir apoetry alyrists aElizabethan aand